| 000 | 00401nam a22001337a 4500 | ||
|---|---|---|---|
| 040 | _cFIZZA ISHAQ | ||
| 082 |
_a150 _bJOH |
||
| 100 |
_aROURKE T.ROURKE. _9133762 |
||
| 245 |
_aTAKING SIDES CLASHING VIEWS ON CONTROVERSIAL ISSUES IN WORLD POLITICS / _cJOHN T. ROURKE. |
||
| 250 | _a5TH ED. | ||
| 260 |
_aNEW YORK ; _bDUSHKIN PUBLISHING GROUP, _c1994. |
||
| 300 |
_a374 P. ; _c9.5X6.1IN |
||
| 942 |
_2ddc _cBK |
||
| 999 |
_c616645 _d616645 |
||